| 000 | 01014pam a2200265 a 4500 | ||
|---|---|---|---|
| 001 | 4851555 | ||
| 003 | OSt | ||
| 005 | 20230623120932.0 | ||
| 008 | 910530s1991 miu b 001 0 eng | ||
| 010 | _a 91021272 | ||
| 020 | _a0472102370 (alk. paper) | ||
| 040 |
_aDLC _cDLC _dDLC |
||
| 043 | _an-us--- | ||
| 082 | 0 | 0 |
_a328.73/0765 _221 _bEVA |
| 100 | 1 |
_aEvans, C. Lawrence, _d1958- |
|
| 245 | 1 | 0 |
_aLeadership in committee : _ba comparative analysis of leadership behavior in the U.S. Senate / _cC. Lawrence Evans. |
| 260 |
_aAnn Arbor : _bUniversity of Michigan Press, _cc1991. |
||
| 300 |
_aviii, 210 p. ; _c24 cm. |
||
| 504 | _aIncludes bibliographical references (p. 195-201) and index. | ||
| 610 | 1 | 0 |
_aUnited States. _bCongress. _bSenate _xCommittees. |
| 610 | 1 | 0 |
_aUnited States. _bCongress. _bSenate _xLeadership. |
| 906 |
_a7 _bcbc _corignew _d1 _eocip _f19 _gy-gencatlg |
||
| 942 |
_2ddc _cBK |
||
| 999 |
_c2466 _d2466 |
||